| 000 | 00890cam a22002174a 4500 | ||
|---|---|---|---|
| 005 | 20250605163958.0 | ||
| 008 | 250528s ||||||||||||||||||||||||d | ||
| 035 | _a15541 | ||
| 020 | _a77092333 | ||
| 040 |
_aGR-AtMCL _bgre _dGR-AtMCL _eAACR2 |
||
| 245 | 1 | _aInformation Systems Development / Methodologies, Techniques and Tools | |
| 250 | _a2nd | ||
| 260 |
_bMcgraw Hill Book Company, _c1995 |
||
| 300 | _a512 | ||
| 520 | _aAn extensive and comprehensive coverage of methodologies, techniques and tools. Contents, Series Forward, Preface and Reader's Guide, Introduction, The Traditional Systems Development Life Cycle, Themes in Information Systems Development, Techniques, Tools, Methodologies, Methodologies: Issues and Frameworks, Bibliography, Index. | ||
| 700 | 1 |
_aAvison David _91496 |
|
| 700 | 1 |
_aFitzgerald G _91497 |
|
| 942 | _cBK | ||
| 999 |
_c1115 _d1115 |
||